| 000 | 00000nam##2200000za#4500 |
| 001 | 9.599662 |
| 003 | CaOODSP |
| 005 | 20240501092931 |
| 007 | cr ||||||||||| |
| 008 | 150406|2003||||xxc|||||o f|0| 0 fre|d |
| 040 | |aCaOODSP|bfre |
| 043 | |an-cn--- |
| 086 | 1 |aPS83-3/132F-PDF |
| 110 | 2 |aService correctionnel Canada. |
| 245 | 10|aL'évolution du profil de la population carcérale sous responsabilité fédérale : |h[ressource électronique]|b1997 et 2002 / |c[par] Roger Boe ... [et al]. |
| 260 | |bService correctionnel Canada |cjanvier 2003. |
| 300 | |a87p.|bréférences, tableaux |
| 490 | 1 |aRapport de recherche|vR-132 |
| 590 | |a10-14-Supp|b2010-12-03 |
| 720 | 1 |aNafekh, Mark |
| 720 | 1 |aBoe, Roger |
| 720 | 1 |aSinclair, Roberta Lynn |
| 720 | 1 |aCousineau, Colette |
| 720 | 1 |aVuong, Ben |
| 775 | 08|tThe changing profile of the federal inmate population : |w(CaOODSP)9.568374 |
| 830 | #0|aRapport de recherche (Service correctionnel Canada. Direction de la recherche)|vR-132|w(CaOODSP)9.502465 |
| 856 | 40|ahttp://publications.gc.ca|qPDF|s404 Ko|uhttps://publications.gc.ca/collections/collection_2010/scc-csc/PS83-3-132-fra.pdf|yR-132 |